Thumbelina [ follow your heart and nothing is impossible
| Main Author: | |
|---|---|
| Format: | Book |
| Published: |
s.l :
Warner Bros ,
1994
|
| Subjects: |
MARC
| LEADER | 00000cam a2200000 7i4500 | ||
|---|---|---|---|
| 001 | 0000005976 | ||
| 002 | 000006453 | ||
| 005 | 20021002.0 | ||
| 020 | |a 000006453 | ||
| 090 | 0 | 0 | |a JF |b THU |
| 100 | 1 | |a Bluth, Don | |
| 245 | 1 | 0 | |a Thumbelina [ |h video recording] : |b follow your heart and nothing is impossible |c Don Bluth |
| 260 | |a s.l : |b Warner Bros , |c 1994 | ||
| 300 | |a 1 Video recording VHS (60 minutes) : |b col.(PAL) | ||
| 500 | |a Library has 1 copy | ||
| 650 | 0 | 0 | |a Floklore |
| 999 | |a 00173 |b VIDEO |c JUNIOR FICTION |e PERPUSTAKAAN KOMUNITI PETALING JAYA | ||